Almanach reklamy na Slovensku 1995

Salvato in:
Dettagli Bibliografici
Natura: Libro
Lingua:slovacco
Pubblicazione: Bratislava Via Classis 1995
Soggetti:
Tags: Aggiungi Tag
Nessun Tag, puoi essere il primo ad aggiungerne!!

MARC

LEADER 00000nam a2200000 4500
001 c012152
005 20240325081159.0
020 |a 80-967137-1-X 
041 0 |a slo 
044 |a SK 
245 1 0 |a Almanach reklamy na Slovensku 1995 
264 1 |a Bratislava  |b Via Classis  |c 1995 
300 |a 303 s. 
610 2 0 |a reklama 
610 2 0 |a agentúry 
610 2 0 |a Slovensko